Trilogies - Mort subite - Statistiques

Statistiques générales
  • Ce quiz a été pris 1 784 fois
  • Le résultat moyen est 6 sur 20
Answers on the Grid
Answers color-coded by a green-red scale on the quiz's grid according to % correct below.
Les Bronzés
Le Seigneur des anneaux
Retour vers le futur
Le Parrain
Arthur et les Minimoys
Bridget Jones
Camping
Cinquante nuances de Grey
Divergente
Dragons
La Septième Compagnie
Le Flic de Beverly Hills
Le Hobbit
Iron Man
Kingsman
Le Labyrinthe
Very Bad Trip
La Nuit au musée
OSS 117
Sissi
L'Exorciste
Taxi
Indiana Jones
Hunger Games
Harry Potter
Le Gendarme de Saint-Tropez
Don Camillo
Toy Story
Avengers
Les Dents de la mer
Mad Max
Shrek
Pirates des Caraïbes
Twilight
Terminator
Rocky
 
Statistiques - réponses
Réponse % Correct
Le Seigneur des anneaux
45%
Retour vers le futur
43%
Le Hobbit
41%
Le Labyrinthe
36%
Iron Man
35%
Very Bad Trip
35%
Le Parrain
34%
Cinquante nuances de Grey
33%
OSS 117
32%
Les Bronzés
30%
Arthur et les Minimoys
29%
Divergente
28%
La Nuit au musée
26%
Dragons
25%
Camping
20%
Kingsman
20%
La Septième Compagnie
13%
Bridget Jones
11%
Le Flic de Beverly Hills
9%
Sissi
7%
Aucun quiz correspondant
Distribution des résultats
% des personnes avec chaque résultat
Percentile par nombre de réponses
Votre historique - résultats
Vous n’avez pas pris ce quiz